000 01286cam a2200337 i 4500
001 17753953
003 OSt
005 20230602112105.0
008 130528e201006 ke a f000 0 eng
010 _a 2012314908
020 _z9789966744614
040 _aDLC
_beng
_cDLC
_erda
_dDLC
042 _alcode
_apcc
043 _af-ke---
082 _a338.96762
245 0 0 _a24-hour economy :
_ba new frontier in Kenya's economic development /
_cX.N. Iraki, B. Lavussa, C. Misiko, J. Nyaga, E. Mukabana and the full membership of the National 24-Hour Economy Steering Committee compiled the report.
246 3 0 _aTwenty-four hour economy
264 1 _aNairobi, Kenya :
_bNational Economic and Social Council,
_cJune 2010.
300 _aix, 95 pages :
_bcolor illustrations ;
_c25 cm
336 _atext
_2rdacontent
337 _aunmediated
_2rdamedia
338 _avolume
_2rdacarrier
651 0 _aKenya
_xEconomic policy.
700 1 _aIraki, X. N.,
_ecompiler.
700 1 _aLavussa, B.,
_ecompiler.
710 2 _aNational Economic and Social Council (Kenya)
710 1 _aKenya.
_bOffice of the President
906 _a7
_bcbc
_corigode
_d3
_encip
_f20
_gy-gencatlg
942 _2ddc
_cBK
999 _c93
_d93